| 000 | 01449nam a2200421 a 4500 | ||
|---|---|---|---|
| 001 | 21460 | ||
| 003 | CZ PrNK | ||
| 005 | 20260302125506.0 | ||
| 007 | ta | ||
| 008 | 130121s2012 xr a a 000 j slo | ||
| 015 | _acnb002437434 | ||
| 020 |
_a9788025222782 _q(váz.) _z978-802522278-2 |
||
| 035 | _a(OCoLC)829662317 | ||
| 040 |
_aBOA001 _bcze |
||
| 041 | 1 |
_aslo _heng |
|
| 072 | 7 |
_a821-93 _xLiteratura pro děti a mládež (beletrie) _2Konspekt |
|
| 080 |
_a821-32 _2MRF |
||
| 080 |
_a821-93 _2MRF |
||
| 080 |
_a(0:82-32) _2MRF |
||
| 100 | 1 |
_aFeldman, Thea _4aut |
|
| 245 | 1 | 0 |
_aOslíkov pochmúrny deň / _cnapísala Thea Feldman ; ilustrácie Disney Storybook Artists |
| 250 | _a1. vyd. | ||
| 260 |
_aV Prahe : _bEgmont, _c2012 |
||
| 300 |
_a31 s. : _bbarev. il. ; _c30 cm |
||
| 490 | 1 | _aDisney. Príbehy o priateľstve s Mackom Puf | |
| 500 | _aPřeloženo z angličtiny | ||
| 500 | _aZpracováno podle knih A.A. Milneho a E.H. Sheparda Winnie the Pooh | ||
| 655 | 7 |
_apříběhy _2czenas |
|
| 655 | 7 |
_apublikace pro děti _2czenas |
|
| 655 | 9 |
_astories _2eczenas |
|
| 655 | 9 |
_achildren's literature _2eczenas |
|
| 710 | 2 | _aDisney Storybook Artists | |
| 765 | 0 | _tEeyore's gloomy day | |
| 830 | 0 |
_aDisney. _pPríbehy o priateľstve s Mackom Puf |
|
| 901 |
_aISBN 978-802522278-2 _b9788025222782 _f1. vyd. _gChybné ISBN uvedeno na zadní straně desky v čárovém kódu _o20130205 |
||
| 910 | _aABA001 | ||
| 942 |
_2ddc _cKLDE _n0 |
||
| 999 |
_c21460 _d21460 |
||